00904nam a2200229 i 450000100060000000300090000600500170001500700030003200800410003510000390007624501010011526000490021630000290026549000420029465000550033665500380039170000350042983000500046485200220051499900170053695201210055360467ES-MaACL20250902185819.0t|031105s1957 sp a |||| | spa d1 aEspina, Antonio,d1894-197294783310aDioses y héroes nórdicos / cAntonio Espina ; ilustraciones de Julio Castro de la Gándara. a[Madrid] : bAguilar, c[1957] (fE. Casado) a74 p. : bil. ; c28 cm.1 aEl globo de colores. Mitos y leyendas 4aMitología nórdica-vLibros infantiles.9159983 7aLibros infantiles2tgfbne92267861 aCastro, Julio, d1927-91599841 aEl globo de colores. Mitos y leyendas91842424 aES-MaACLjC-13337 c60467d60467 00104070aATENEOMbATENEOMcSPALd2008-01-17eSCl0oC-13337p1063418r2023-02-23 00:00:00w2023-02-23yMONOGRAFIA